<?xml version="1.0" encoding="UTF-8"?>
<record
    xmlns:xsi="http://www.w3.org/2001/XMLSchema-instance"
    xsi:schemaLocation="http://www.loc.gov/MARC21/slim http://www.loc.gov/standards/marcxml/schema/MARC21slim.xsd"
    xmlns="http://www.loc.gov/MARC21/slim">

  <leader>00893cam#a22002775a#4500</leader>
  <controlfield tag="001">10148</controlfield>
  <controlfield tag="003">ELIS10148</controlfield>
  <controlfield tag="005">20150907083540.0</controlfield>
  <controlfield tag="008">t1997#######a####r#####000#0#ara#d</controlfield>
  <datafield tag="040" ind1=" " ind2=" ">
    <subfield code="a">&#x645;&#x643;&#x62A;&#x628;&#x629; &#x627;&#x644;&#x645;&#x639;&#x647;&#x62F; &#x627;&#x644;&#x647;&#x648;&#x644;&#x646;&#x62F;&#x64A; &#x627;&#x644;&#x641;&#x644;&#x645;&#x646;&#x643;&#x64A;</subfield>
    <subfield code="c">&#x645;&#x643;&#x62A;&#x628;&#x629; &#x627;&#x644;&#x645;&#x639;&#x647;&#x62F; &#x627;&#x644;&#x647;&#x648;&#x644;&#x646;&#x62F;&#x64A; &#x627;&#x644;&#x641;&#x644;&#x645;&#x646;&#x643;&#x64A;</subfield>
  </datafield>
  <datafield tag="100" ind1=" " ind2=" ">
    <subfield code="a">&#x62D;&#x633;&#x646; &#x62E;&#x636;&#x64A;&#x631;&#x64A; &#x623;&#x62D;&#x645;&#x62F;</subfield>
  </datafield>
  <datafield tag="245" ind1="1" ind2=" ">
    <subfield code="a">&#x639;&#x644;&#x627;&#x642;&#x627;&#x62A; &#x627;&#x644;&#x641;&#x627;&#x637;&#x645;&#x64A;&#x64A;&#x646; &#x641;&#x64A; &#x645;&#x635;&#x631; &#x628;&#x62F;&#x648;&#x644; &#x627;&#x644;&#x645;&#x63A;&#x631;&#x628; (362 - 567 &#x647;&#x640; / 973 - 1171 &#x645;)</subfield>
  </datafield>
  <datafield tag="260" ind1=" " ind2=" ">
    <subfield code="a">&#x627;&#x644;&#x642;&#x627;&#x647;&#x631;&#x629;</subfield>
    <subfield code="b">&#x645;&#x643;&#x62A;&#x628;&#x629; &#x645;&#x62F;&#x628;&#x648;&#x644;&#x64A;</subfield>
    <subfield code="c">1997</subfield>
  </datafield>
  <datafield tag="300" ind1=" " ind2=" ">
    <subfield code="a">344</subfield>
  </datafield>
  <datafield tag="440" ind1=" " ind2=" ">
    <subfield code="a">&#x635;&#x641;&#x62D;&#x627;&#x62A; &#x645;&#x646; &#x62A;&#x627;&#x631;&#x64A;&#x62E; &#x645;&#x635;&#x631;</subfield>
  </datafield>
  <datafield tag="500" ind1=" " ind2=" ">
    <subfield code="a">&#x627;&#x644;&#x645;&#x643;&#x62A;&#x628;&#x629;</subfield>
  </datafield>
  <datafield tag="650" ind1=" " ind2=" ">
    <subfield code="a">&#x627;&#x644;&#x62A;&#x62C;&#x627;&#x631;&#x629;</subfield>
  </datafield>
  <datafield tag="650" ind1=" " ind2=" ">
    <subfield code="a">&#x642;&#x628;&#x644; 1800 &#x645;</subfield>
  </datafield>
  <datafield tag="650" ind1=" " ind2=" ">
    <subfield code="a">&#x627;&#x644;&#x62B;&#x642;&#x627;&#x641;&#x629;</subfield>
  </datafield>
  <datafield tag="650" ind1=" " ind2=" ">
    <subfield code="a">&#x645;&#x635;&#x631;</subfield>
  </datafield>
  <datafield tag="650" ind1=" " ind2=" ">
    <subfield code="a">&#x627;&#x644;&#x62A;&#x627;&#x631;&#x64A;&#x62E;</subfield>
  </datafield>
  <datafield tag="650" ind1=" " ind2=" ">
    <subfield code="a">&#x627;&#x644;&#x633;&#x64A;&#x627;&#x633;&#x629;</subfield>
  </datafield>
  <datafield tag="650" ind1=" " ind2=" ">
    <subfield code="a">&#x627;&#x644;&#x645;&#x63A;&#x631;&#x628;</subfield>
  </datafield>
  <datafield tag="650" ind1=" " ind2=" ">
    <subfield code="a">&#x627;&#x644;&#x639;&#x635;&#x631; &#x627;&#x644;&#x641;&#x627;&#x637;&#x645;&#x64A;</subfield>
  </datafield>
  <datafield tag="902" ind1=" " ind2=" ">
    <subfield code="a">E 1286</subfield>
  </datafield>
  <datafield tag="999" ind1=" " ind2=" ">
    <subfield code="c">165</subfield>
    <subfield code="d">165</subfield>
  </datafield>
  <datafield tag="952" ind1=" " ind2=" ">
    <subfield code="0">0</subfield>
    <subfield code="1">0</subfield>
    <subfield code="2">ddc</subfield>
    <subfield code="4">0</subfield>
    <subfield code="7">0</subfield>
    <subfield code="a">NVIC</subfield>
    <subfield code="b">NVIC</subfield>
    <subfield code="c">ML001</subfield>
    <subfield code="d">2015-08-29</subfield>
    <subfield code="l">0</subfield>
    <subfield code="o">E 1286</subfield>
    <subfield code="p">E 1286</subfield>
    <subfield code="r">2015-08-29 00:00:00</subfield>
    <subfield code="w">2015-08-29</subfield>
    <subfield code="y">BK</subfield>
  </datafield>
</record>
